000 00416nam a22001697a 4500
999 _c6423
_d6421
005 20210904113416.0
008 200522b xxu||||| |||| 00| 0 eng d
020 _a9789381270288
041 _aeng
082 _a342.52 MAL
100 _aMallick's
_95735
245 _aConstitution of India
260 _aNew Delhi
_bpropessional book Pulishers New Delhi
300 _a2015p.
650 _aLAW
_95701
942 _cBK